000 004680000a22001930004500
001 001309
003 MACL
005 20150916111247.0
008 150916b xxu||||| |||| 00| 0 eng d
040 _aMACL
_cMACL
041 _aEnglish
082 _a823/SEL
100 _aKrishnan, Mini
_911426
245 _aThe First Floods
_cMini Krishnan
260 _aChennai
_c1999
_bMacMillan India Limited,
350 _a250
650 _aFiction
_911427
942 _k823
_cBK
_2ddc
999 _c1304
_d1304